[Event "Madurai Athens of the East op-B U1600"]
[Site "Madurai"]
[Date "2023.12.27"]
[Round "1"]
[White "Shelke, Omkar"]
[Black "Praveenkumar, K."]
[Result "1-0"]
[WhiteElo "1558"]
[BlackElo "1080"]
[PlyCount "117"]
[EventDate "2023.12.27"]
[EventType "swiss"]
[EventRounds "9"]
[EventCountry "IND"]
[SourceTitle "CB02_2024"]
[SourceDate "2024.01.10"]
[SourceVersion "1"]
[SourceVersionDate "2024.01.10"]
[SourceQuality "1"]

1. d4 d5 2. Nf3 Nf6 3. e3 e6 4. Bd3 c5 5. b3 Nc6 6. Bb2 cxd4 7. exd4 g6 8. Nbd2 Bg7 9. 0-0 0-0 10. Ne5 Qc7 11. a3 Bd7 12. f4 Ne8 13. Qe2 Nd6 14. Rfe1 f5 15. Nxd7 Qxd7 16. Qxe6+ Qxe6 17. Rxe6 Ne4 18. Bxe4 fxe4 19. c3 Rxf4 20. Rd6 Rd8 21. Rxd8+ Nxd8 22. Nf1 Kf7 23. Ne3 Ke6 24. c4 Bh6 25. Nxd5 Rf5 26. Re1 Kd6 27. Rxe4 Ne6 28. Ne3 Rf7 29. Ng4 Bg7 30. Ne5 Rf5 31. g4 Rf8 32. a4 Ng5 33. Ba3+ Kc7 34. Bxf8 Bxf8 35. Re1 Bd6 36. Rf1 Ne6 37. Rf7+ Kb8 38. Rd7 Bb4 39. Nf3 Kc8 40. Rxh7 Nxd4 41. Nxd4 Bc5 42. h4 Bxd4+ 43. Kg2 a6 44. h5 gxh5 45. gxh5 Kb8 46. h6 Ka7 47. Rg7 a5 48. Rg8 Kb6 49. h7 Kc5 50. h8Q Bxh8 51. Rxh8 Kb4 52. Rb8 Kxb3 53. Rxb7+ Kxa4 54. c5 Ka3 55. c6 a4 56. c7 Ka2 57. c8Q a3 58. Qc2+ Ka1 59. Rb1# 1-0